00572nam a22001817a 450000500170000001000150001702000270003203500140005903700130007308200120008610000230009824500770012126000450019827000590024330000270030250000370032970000240036620180706145340.0 aENG-122464 a9788171394081c1300.00 aEN-105996 bDBAD/PUB a570.285 aHaojam Rocky Singh aComputational biology /cby Haojam Rocky Singh [and] Mohd. Azharul Haque aNew DelhibJnanada Prakashan (P&D)c2016 a4837/2, 24, Ansari Road, Daryaganj,bNew Delhie110002 a387p.bill. c21cm(Hb) aInclude bibliography [and] index dMohd. Azharul Haque